Every Major Guitar Chord - Statistics

General Stats
  • This quiz has been taken 107 times
  • The average score is 7 of 7
Answer Stats
Picture Answer % Correct
C Major
99%
D Major
99%
G Major
98%
A Major
94%
E Major
94%
F Major
90%
B Major
89%
No matching quizzes found
Score Distribution
Percent of People with Each Score
Percentile by Number Answered
Your Score History
You have not taken this quiz